Mi viaje alrededor del mundo / (Record no. 150927)
[ view plain ]
| 000 -LEADER | |
|---|---|
| campo de control de longitud fija | 00751nam a2200217 i 4500 |
| 001 - NÚMERO DE CONTROL | |
| campo de control | 150927 |
| 003 - IDENTIFICADOR DE NÚMERO DE CONTROL | |
| campo de control | ES-MaACL |
| 005 - FECHA Y HORA DE LA ÚLTIMA TRANSACCIÓN | |
| campo de control | 20250731063043.0 |
| 007 - CAMPO FIJO DE DESCRIPCIÓN FÍSICA--INFORMACIÓN GENERAL | |
| campo de control de longitud fija | t| |
| 008 - DATOS DE LONGITUD FIJA--INFORMACIÓN GENERAL | |
| campo de control de longitud fija | 071120q18451899sp ||||1| spa d |
| 100 1# - ENTRADA PRINCIPAL--NOMBRE DE PERSONA | |
| Nombre de persona | Darwin, Charles, |
| Fechas asociadas al nombre | 1809-1882 |
| 9 (RLIN) | 42770 |
| 245 10 - MENCIÓN DEL TÍTULO | |
| Título | Mi viaje alrededor del mundo / |
| Mención de responsabilidad, etc. | Carlos Darwin ; traducción de Constantino Piquer. |
| 260 ## - PUBLICACIÓN, DISTRIBUCIÓN, ETC. | |
| Lugar de publicación, distribución, etc. | Valencia : |
| Nombre del editor, distribuidor, etc. | F. Sempere y Cia., |
| Fecha de publicación, distribución, etc. | [18--?] ( |
| Fabricante | A. López y Cia.) |
| 300 ## - DESCRIPCIÓN FÍSICA | |
| Extensión | 2 v. ; |
| Dimensiones | 19 cm. |
| 500 ## - NOTA GENERAL | |
| Nota general | El prólogo está fechado en 1845. |
| 600 14 - PUNTO DE ACCESO ADICIONAL DE MATERIA--NOMBRE DE PERSONA | |
| Nombre de persona | Darwin, Charles, |
| Fechas asociadas al nombre | 1809-1882 |
| 9 (RLIN) | 42770 |
| 611 2# - PUNTO DE ACCESO ADICIONAL DE MATERIA--NOMBRE DE REUNIÓN/CONGRESO | |
| Nombre de congreso/reunión o jurisdicción como elemento de entrada | Beagle Expedition. |
| Fecha del congreso o de la firma del tratado | (1831-1836) |
| 9 (RLIN) | 39 |
| 651 #4 - PUNTO DE ACCESO ADICIONAL DE MATERIA--NOMBRE GEOGRÁFICO | |
| Nombre geográfico | América del Sur- |
| Subdivisión general | Descripción- |
| Subdivisión cronológica | S.XIX. |
| 9 (RLIN) | 7713 |
| 852 ## - LOCALIZACIÓN | |
| Ubicación | ES-MaACL |
| Número de control de estantería | D-1487-88 |
| Estatus retirado | Estado de pérdida | Estado de daño | No para préstamo | Biblioteca de origen | Biblioteca actual | Ubicación en estantería | Fecha de adquisición | Fuente de adquisición | Total de préstamos | Signatura topográfica completa | Código de barras | Visto por última vez | Precio de reemplazo | Tipo de ítem Koha |
|---|---|---|---|---|---|---|---|---|---|---|---|---|---|---|
| Biblioteca del Ateneo de Madrid | Biblioteca del Ateneo de Madrid | Sala Valle Inclán | 17/01/2008 | D-1487-88 | 901157491 | 23/02/2023 | 23/02/2023 | Libro impreso antiguo |
